000 00923cam a2200253 4500
001 WB3614-06
008 000000n2000 000 0 eng u
035 _a(Sirsi) u105222
245 _aRules on asbestos
260 _c2000
490 _aWestern Morning News
_v30 March 2000, 8(1)
520 _aLooks at changes to legislation relating to asbestos control currently being considered by the Health and Safety Commission. Onerous liabilities for occupiers may make pre-acquisition building surveys a necessity.
590 _aWB
650 _aMANAGEMENT-HEALTH AND SAFETY-HAZARDOUS SUBSTANCES-ASBESTOS
650 _aHEALTH AND SAFETY COMMISSION
650 _aRISK MANAGEMENT
650 _aBUILDING MANAGEMENT
650 _aBUILDING OWNERS
650 _aREFORM
650 _aBUILT ENVIRONMENT-BUILDING MATERIALS
650 _aHEALTH HAZARDS
690 _aBUILT ENVIRONMENT-BUILDING INSPECTION
942 _n0
999 _c63099
_d63099